MARC details
| 000 -CABECERA |
| campo de control de longitud fija |
00999nam a2200301 a 4500 |
| 001 - NÚMERO DE CONTROL |
| campo de control |
000030172 |
| 005 - FECHA Y HORA DE LA ÚLTIMA TRANSACCIÓN |
| campo de control |
20200930060113.0 |
| 008 - DATOS DE LONGITUD FIJA--INFORMACIÓN GENERAL |
| campo de control de longitud fija |
110503s2010 dr a 000 0 spa d |
| 020 ## - NÚMERO INTERNACIONAL ESTÁNDAR DEL LIBRO |
| Número Internacional Estándar del Libro |
9789945851427 |
| 040 ## - FUENTE DE LA CATALOGACIÓN |
| Centro catalogador/agencia de origen |
DO-SdBNP |
| Lengua de catalogación |
spa |
| Centro/agencia transcriptor |
BNPHU |
| 082 ## - NÚMERO DE LA CLASIFICACIÓN DECIMAL DEWEY |
| Número de clasificación |
709 |
| Número de documento/Ítem |
L782ar |
| 100 1# - ENTRADA PRINCIPAL--NOMBRE DE PERSONA |
| Nombre de persona |
Litvinenko, Elena |
| 9 (RLIN) |
22880 |
| 245 10 - MENCIÓN DE TÍTULO |
| Título |
Arte y comunicación II / |
| Mención de responsabilidad, etc. |
Elena Litvinenko. |
| 260 ## - PUBLICACIÓN, DISTRIBUCIÓN, ETC. |
| Lugar de publicación, distribución, etc. |
Santo Domingo : |
| Nombre del editor, distribuidor, etc. |
UNAPEC, |
| Fecha de publicación, distribución, etc. |
2010. |
| 300 ## - DESCRIPCIÓN FÍSICA |
| Extensión |
111 p. : |
| Otras características físicas |
il. ; |
| Dimensiones |
22cm. |
| 490 1# - MENCIÓN DE SERIE |
| Mención de serie |
UNAPEC por un mundo mejor |
| 490 1# - MENCIÓN DE SERIE |
| Mención de serie |
Artes y comunicación |
| Designación de volumen o secuencia |
4 |
| 504 ## - NOTA DE BIBLIOGRAFÍA, ETC. |
| Nota de bibliografía, etc. |
Bibliografía : p. 109-111 |
| 590 ## - NOTA LOCAL (RLIN) |
| Nota local |
La biblioteca posee 3 ejemplares autografiados por la autora. |
| 590 ## - NOTA LOCAL (RLIN) |
| Nota local |
Inventariado, 2018/LP |
| 650 #4 - PUNTO DE ACCESO ADICIONAL DE MATERIA--TÉRMINO DE MATERIA |
| Término de materia o nombre geográfico como elemento de entrada |
Apreciación del arte |
| 9 (RLIN) |
5186 |
| 650 #4 - PUNTO DE ACCESO ADICIONAL DE MATERIA--TÉRMINO DE MATERIA |
| Término de materia o nombre geográfico como elemento de entrada |
Arte y sociedad |
| 9 (RLIN) |
5077 |
| 650 #4 - PUNTO DE ACCESO ADICIONAL DE MATERIA--TÉRMINO DE MATERIA |
| Término de materia o nombre geográfico como elemento de entrada |
Arte e historia |
| 9 (RLIN) |
22881 |
| 650 #4 - PUNTO DE ACCESO ADICIONAL DE MATERIA--TÉRMINO DE MATERIA |
| Término de materia o nombre geográfico como elemento de entrada |
Comunicación en arte |
| 9 (RLIN) |
22882 |
| 830 #0 - PUNTO DE ACCESO ADICIONAL DE SERIE-TÍTULO UNIFORME |
| Título uniforme |
UNAPEC por un mundo mejor |
| 9 (RLIN) |
22883 |
| 830 #0 - PUNTO DE ACCESO ADICIONAL DE SERIE-TÍTULO UNIFORME |
| Título uniforme |
Artes y comunicación ; |
| Número de parte o sección de la obra |
4 |
| 9 (RLIN) |
56883 |
| 910 ## - DATOS DE OPCIÓN DEL USUARIO (OCLC) |
| Datos de opción del usuario |
Validado. Control de calidad EMS |